000
00235 a2200109 4500
003
Nust
005
20170207154227.0
040
_c
Nust
082
_a
371.33
245
_a
Lt Col Zafar (VHS-189)
440
_a
Lt Col Zafar (VHS-189)
538
_a
Duration in Minutes-140
999
_c
195611
_d
195611